000 00658nam a22002177a 4500
005 20251108173051.0
008 250721s9999 xx 000 0 ara d
082 1 4 _aط/922.2/عبد
100 1 _aالحاضري، بدر الدين
245 1 0 _aعبد الرحمن الناصر /
264 1 _aبيروت :
_bدار الشرق العربي،
_c(19 ).
300 _a108ص.
490 0 _aأعلام خالدون
650 1 7 _aالتراجم
650 1 7 _aالقادة العسكريون
653 _aناشئون صغار (10-14 سنة )
700 1 _aناصيف، كامل
700 1 _aقجة، محمد
942 _2ddc
_cBK
999 _c95306
_d95306